[Event "Hotel Agro GM"]
[Site "Budapest"]
[Date "1999.08.06"]
[Round "8"]
[White "Acs, Peter"]
[Black "Cao, Sang"]
[Result "1-0"]
[WhiteElo "2525"]
[BlackElo "2501"]
[Annotator "Gershon,A"]
[PlyCount "81"]
[EventDate "1999.08.05"]
[EventType "tourn"]
[EventRounds "9"]
[EventCountry "HUN"]
[EventCategory "10"]
[SourceTitle "CBM 073"]
[Source "ChessBase"]
[SourceDate "1999.12.01"]
[SourceVersion "1"]
[SourceVersionDate "1999.12.01"]
[SourceQuality "1"]

1. e4 c5 2. Nf3 Nc6 3. d4 cxd4 4. Nxd4 e5 5. Nb5 d6 6. c4 Be7 7. N1c3 a6 8. Na3
f5 9. exf5 (9. Bd3 f4 10. g3 Nf6 11. gxf4 exf4 12. Bxf4 O-O 13. Bg3 Ng4 14. Be2
Nxf2 $1 15. Qd5+ (15. Bxf2 Rxf2 16. Kxf2 Bh4+ 17. Kg2 Qg5+ 18. Bg4 Ne5 $44)
15... Kh8 16. Bxf2 Nb4 17. Qh5 Rxf2 18. Kxf2 Bh4+ 19. Kg2 g6 20. Qf3 Qg5+ 21.
Kf1 Bh3+ 22. Qxh3 Rf8+ 23. Bf3 Qe3 24. Qxh4 Nd3 25. Nd5 Qxf3+ 26. Kg1 Nf2 27.
Kf1 Qxh1+ 28. Ke2 Qxa1 {0-1 Nunn,J-Nataf,I/ch-FRA (team), 1999 (28)}) 9... Bxf5
10. Bd3 Bxd3 $2 {Allows white to efficiently develope his forces, and giving
up the ultimate defender of the weakenned white squares.} (10... Be6 $142 11.
Nc2 Nf6 12. Ne3 (12. O-O O-O 13. Bg5 Ng4 14. Bxe7 Qxe7 15. Ne3 (15. f3 Nh6 16.
Kh1 Rad8 17. Qe2 Nf5 18. Bxf5 Rxf5 19. Ne3 Rf7 20. Ned5 Qh4 21. Rad1 Nd4 22.
Qe1 Qxe1 23. Rfxe1 Rc8 24. f4 Rxc4 25. fxe5 Nc2 26. Rf1 dxe5 $19 {0-1
Satyapragyan,S-Nataf,I/World Junior Ch, Calicut IND 1998 (44)}) 15... Qh4 16.
Nxg4 Bxg4 17. f3 Be6 18. Qe2 Nd4 19. Qe4 Qh6 20. Rae1 Rf7 21. Qe3 Qxe3+ 22.
Rxe3 Rc8 23. Ne4 Rd7 24. b3 b5 25. Nd2 Bf5 $11 {1/2-1/2 Dvoirys,S-Nataf,I/
Koszalin POL 1999 (69)}) 12... O-O 13. O-O Nd4 14. Ned5 (14. b3 b5 15. Ncd5
bxc4 (15... Nxd5 16. Nxd5 Bxd5 17. cxd5 Qd7 18. Be4 Bd8 19. Qd3 g6 20. Bh6 Rf7
21. Rac1 Bb6 22. Kh1 Bc5 23. h3 Nf5 24. Bd2 a5 25. Bxf5 Rxf5 26. Be3 Bxe3 27.
Qxe3 $14 {1-0 Dgebuadze,A-Moiseenko,A/Rotterdam 1998/EXT 99 (39)}) 16. Bxc4
Nxd5 17. Bxd5 Bxd5 18. Nxd5 Bg5 19. b4 Bxc1 20. Rxc1 Ra7 21. Qd3 Qg5 $2 (21...
Qd7 $13) 22. f4 $16 {1-0 Dvoirys,S-Degraeve,J/Koszalin POL 1999 (40)}) 14...
Rc8 15. Be3 Qe8 16. Re1 Nf5 17. Bxf5 Bxf5 18. Qb3 Nxd5 19. Nxd5 Rf7 20. Qxb7
Rxc4 21. Qxa6 Rc2 22. b4 Bh4 23. Re2 Bc8 24. Qd3 Bf5 25. Qd1 $18 {1-0 Horvath,
A-Jankovic,A/Litohoto GRE 1999 (28)}) 11. Qxd3 Nf6 12. Nc2 O-O 13. O-O Kh8 14.
b3 (14. Ne3 Nh5 $5 (14... b5 $2 15. cxb5 axb5 16. Qxb5 Nd4 17. Qd3 {The
compensation for the pawn is hardly sufficient.}) (14... Qe8 15. Ned5 Nxd5 16.
Nxd5 (16. cxd5 Nb8 17. f4 Nd7 $11 {[%cal Ge7f6]}) 16... Bd8 17. b3 $16 {
[%cal Gc1b2,Gf2f4]}) (14... Nd4 15. Ned5 Nxd5 16. Nxd5 b5 17. cxb5 axb5 18. Be3
$16) 15. Ned5 Bg5 $132) 14... Qe8 15. f3 (15. Ne3 e4 16. Nxe4 Nxe4 (16... Qg6
17. f3 Ne5 18. Qc2 Nxf3+ 19. Rxf3 Nxe4 $36) 17. Qxe4 Bf6 18. Qxe8 Raxe8 19. Rb1
Bd4 20. Bb2 $1 $18) 15... Rc8 $6 (15... Rb8 $142 {[%cal Gb7b5]}) (15... Rd8 16.
Bg5 Nh5 17. Bxe7 Nf4 18. Qe4 Qxe7) 16. Bg5 $1 {If white succeeds to exchange
his bishop for one of black knights his position will be techniaclly won, due
to the bad black bishop, the weak 'd6' P and a full contronl over the central
squares} Nh5 17. Bxe7 {[%csl Rd6]} Qxe7 18. Ne4 Rcd8 19. g3 Nf6 {Black is
lacking any kind of counterplay} 20. Rad1 Rd7 21. Kg2 (21. Nxd6 $2 Rfd8 22. c5
Ne8 23. Qe4 Nxd6 24. cxd6 Rxd6 25. Rxd6 Qxd6 {When the open position of white
kind and the possesion of the d file secure black a very good play}) 21... Rfd8
22. Ne3 {[%cal Ge3f5]} Nd4 $6 (22... Nb4 $5 23. Qd2 d5 24. Nxf6 gxf6 25. Nxd5
Nxd5 26. cxd5 Rxd5 27. Qxd5 (27. Qe2 Rxd1 28. Rxd1 Rxd1 29. Qxd1 Kg7 $11) 27...
Rxd5 28. Rxd5 e4 29. Rfd1 $16 {White has the advantage but black has good
drawing chances with the queen on the open board}) 23. Nxf6 Qxf6 24. f4 {
[%csl Gd4]} Qe6 25. f5 Qg8 (25... Qh6 26. f6 (26. Nd5) 26... Rf7 27. fxg7+ Qxg7
28. Rxf7 Qxf7 29. Rf1 Qh5 30. Qe4 $16 {[%csl Gh8]}) 26. Qe4 Rf7 27. Nd5 Qf8 28.
g4 Rc8 29. Rd3 b5 {The counterplay comes a bit late.} 30. Rh3 bxc4 31. Nb6 $4 {
Taking the knight away from the most important square.Now instead of winning
white should think about saving the game} (31. f6 $142 g6 (31... gxf6 32. Nxf6
{[%csl Gh7]} Qe7 33. Nd5 {[%csl Ge7,Gf7]} Qe6 34. Rxf7 Qxf7 35. Nf6 $18) (31...
g5 32. Ne7 Rxe7 $8 33. fxe7 Qxe7 34. bxc4 Rxc4 $140 $4 35. Rf8+ Kg7 36. Rxh7+
Kxf8 37. Qa8+ $18) 32. Ne7 Rxe7 33. fxe7 Qxe7 34. Rc3 $14 (34. Qxg6 Qb7+ 35.
Kg1 Ne2+ $17 {[%cal Gc8f8]}) 34... Qe6 35. Rxc4 Rxc4 36. bxc4 $16 {[%cal Ge4a8,
Ga8f8]}) 31... Rc5 (31... Rc6 32. Nxc4 Qd8 33. Ne3 Rc3 $15) 32. bxc4 Qd8 33. f6
gxf6 34. Nd5 f5 $4 {Giving white all the things he could only dream of} (34...
Rxc4 35. Nxf6 Rcc7 36. g5 Ne6 $17) 35. gxf5 {[%csl Gf6,Yg7][%cal Gf5f6,Gg1g8,
Yg2h1]} Rxc4 36. f6 Rc2+ $2 {After this black is already lost} (36... Qa8 37.
Kh1 $1 $44 Rc5 38. Nc3 Qc8 (38... Qxe4+ $2 39. Nxe4 Rc6 40. Ng5 $16) 39. Rg3
Rf8 (39... Rxc3 $4 40. Rxc3 Qxc3 41. Qa8+ $18) 40. Nd5 Nf5 (40... Qe6 41. Ne7
$18 {[%cal Gg3g7,Ge7g6]})) 37. Kh1 Qa8 38. Rg1 Ne2 $2 (38... Rcc7 39. Rhg3 {
[%csl Gc7][%cal Gg3g8]} Rcd7 40. Qg2 {[%csl Gg8]} Rf8 41. Rg7 $18) 39. Qxc2 Nf4
(39... Qxd5+ 40. Rg2 {[%cal Gc2c8]}) 40. Rf3 Rxf6 41. Qe4 1-0

[Event "Corus-B"]
[Site "Wijk aan Zee"]
[Date "2002.01.19"]
[Round "4"]
[White "Cuijpers, Frans Andre"]
[Black "Skripchenko, Almira"]
[Result "1-0"]
[WhiteElo "2458"]
[BlackElo "2498"]
[Annotator "Gershon,A"]
[PlyCount "81"]
[EventDate "2002.01.15"]
[EventType "tourn"]
[EventRounds "11"]
[EventCountry "NED"]
[EventCategory "11"]
[SourceTitle "CBM 087"]
[Source "ChessBase"]
[SourceDate "2002.03.21"]
[SourceVersion "1"]
[SourceVersionDate "2002.03.21"]
[SourceQuality "1"]

1. e4 c5 2. Nf3 Nc6 3. d4 cxd4 4. Nxd4 e5 5. Nb5 d6 6. c4 Be7 7. Be2 f5 8. exf5
(8. O-O fxe4 9. N1c3 a6 10. Na3 Nf6 11. Nc2 O-O 12. Bg5 Be6 13. Qd2 Rc8 $15 {
Jojic-Sveshnikov/Torcy/1991}) 8... Bxf5 9. Bg5 (9. O-O Nf6 10. N1c3 a6 11. Na3
O-O 12. Nc2 Rc8 13. Ne3 Be6 14. Ned5 (14. Bf3 b5 $13 {Savon-Sveshnikov/Anapa/
1991}) 14... Nd4 15. Be3 Nxe2+ 16. Qxe2 Nxd5 17. Nxd5 Bxd5 18. cxd5 Bg5 $11 {
0-1 Stisis,Y-Milov,V/ISR 1992/TD (41). (41)}) (9. Bg4 Bxg4 10. Qxg4 Nf6 11. Qe2
) 9... Nf6 {a less critical line than:} (9... a6 10. Bxe7 Kxe7 11. N5c3 Nf6 12.
O-O Qb6 (12... Nd4 $6 {Horvath,T} 13. Bd3 Be6 14. Kh1 Rf8 15. f4 $14 {
Tschurpikov-Shuraev/Voronez/1991}) 13. b3 (13. Qd2 h6 14. Na3 Qd4 15. Rad1 Qxd2
16. Rxd2 Nd4 17. Re1 Nxe2+ 18. Rexe2 Rac8 19. f4 Ke6 20. Nd5 Rhe8 $11 {0-1
Shabtai,R-Milov,V/Budapest 1993/CBM 37 ext (42)}) 13... Rhd8 14. Bd3 Be6 15.
Be4 Qd4 16. Qe2 Nxe4 17. Nxe4 Qxa1 18. Nbc3 Nd4 19. Qd2 Qxf1+ 20. Kxf1 h6 21.
Ne2 Nxe2 22. Kxe2 {1/2-1/2 Leko,P-Kramnik,V/Dortmund 1995/CBM 48/[Von Gleich] 
(22)}) (9... Bxg5 10. Nxd6+ Kf8 11. Nxf5 Qxd1+ 12. Bxd1 Bc1 13. a3 $14) 10.
Bh5+ (10. Bxf6 {was possible as well} gxf6 $14) 10... Bg6 (10... Kf8 11. O-O a6
12. Bxf6 gxf6 13. N5c3 Qd7 14. Nd5 Bd8 15. Nbc3 $14 {[%csl Rf8]
Belikov-Sherbakov/Kujbisev/1990}) (10... Nxh5 11. Bxe7 Kxe7 12. Qxh5 $14) (
10... g6 $2 11. Bxf6 Bxf6 12. Nxd6+ Kf8 13. Nxf5 Qxd1+ 14. Bxd1 gxf5 15. Nc3
$16) 11. Bxg6+ hxg6 12. Nd2 (12. Bxf6 $143 gxf6 13. Qg4 Kf7) 12... a6 13. Nc3
Qd7 14. Qc2 $2 {[%csl Rg6][%cal Gc2g6] white missed a very good oportunity to
get a big advantage} (14. Bxf6 gxf6 15. Nd5 {[%cal Gd5b6]} Bd8 16. Ne4 $16)
14... Qg4 $5 (14... Qf5 15. Qxf5 gxf5 16. Bxf6 Bxf6 17. Nd5 Kf7 $11) 15. Qxg6+
Kf8 16. h4 Kg8 $2 {A mistake after which black will find herself in trouble} (
16... Qxg2 $2 17. O-O-O Rh6 18. Qd3 $16) ({However, the energetic:} 16... e4 $1
{[%csl Rg6][%cal Gh8h6,Gc6e5] would have led to complications favorable to
black} 17. f3 (17. Ndxe4 Ne5 18. Nxf6 Bxf6 19. Qe4 Bxg5 $19 {[%csl Rh1][%cal
Gh8h1]}) 17... Qxg2 18. O-O-O e3 (18... Rh6 19. Qf5 $16) 19. Nde4 Ne5 20. Qf5
Nxc4 21. Na4 {[%cal Gf5f8,Ye4f6]} Rh5 (21... Kf7 $2 22. Bxf6 Bxf6 23. Qd5+ Ke7
(23... Kf8 24. Qxc4) 24. Qxb7+ $18) 22. Qe6 {[%csl Rc4][%cal Ge6c4]} e2 23.
Nxf6 (23. Rdg1 Qxf3) 23... exd1=Q+ 24. Rxd1 Bxf6 25. Bxf6 Re8) 17. f3 Rh6 (
17... Qxg2 18. O-O-O $40) 18. fxg4 Rxg6 19. Bxf6 gxf6 (19... Bxf6 20. g5 Be7
21. Nde4 $18 {[%csl Rg6][%cal Gh4h5]}) 20. g5 Nb4 (20... fxg5 $6 21. h5 Rf6 22.
Nde4 Rf4 23. O-O-O $16 {[%csl Rd6,Re5,Re7,Rg5]}) (20... Nd4 21. O-O-O) 21. Ke2
(21. O-O-O $4 Nd3+ 22. Kc2 Nf2 $17) 21... Rg7 22. Rad1 fxg5 23. h5 $16 g4 {
[%cal Ge7g5]} 24. Nde4 {[%csl Rd6]} Nc6 {[%cal Gc6d4]} 25. Nd5 (25. Nxd6 $4
Nd4+ $19) 25... Nd4+ 26. Kd3 Ne6 (26... Nf5 27. Rdf1 Rf8 28. h6 Rh7 (28... Rgf7
29. Rxf5 Rxf5 30. Nxe7+ $18) 29. Nxe7+ Rxe7 30. h7+ $1 (30. Nxd6 Rd7) 30...
Rxh7 31. Rxh7 Kxh7 32. Nxd6 Rd8 (32... Kg6 33. Nxb7 $16) 33. Rxf5 Rxd6+ 34. Ke3
$16) 27. Kc3 Bf8 28. Ndf6+ Kh8 29. Nxd6 $18 Bxd6 (29... Nd4 30. h6 Rc7 31. Nde4
$18) 30. Rxd6 Nf4 31. Rhd1 {[%cal Gd6d8]} Ne2+ 32. Kd3 Nd4 33. Ke4 {White has
an extra pawn and all his pieces are better. The rest is agony} Nc6 34. b4 {
[%csl Rd8][%cal Gb4b5]} Rf7 35. g3 Rg7 36. R1d5 Rf7 37. Nxg4 Rf1 38. Rh6+ Kg7
39. Rg6+ Kf7 40. Rd7+ Ke8 41. Rxb7 1-0

[Event "Chalapathi GM"]
[Site "Guntur"]
[Date "2000.04.12"]
[Round "10"]
[White "Barua, Dibyendu"]
[Black "Rahman, Ziaur"]
[Result "1-0"]
[WhiteElo "2555"]
[BlackElo "2465"]
[Annotator "Gershon,A"]
[PlyCount "123"]
[EventDate "2000.04.03"]
[EventType "tourn"]
[EventRounds "13"]
[EventCountry "IND"]
[EventCategory "10"]
[SourceTitle "CBM 077"]
[Source "ChessBase"]
[SourceDate "2000.07.27"]
[SourceVersion "1"]
[SourceVersionDate "2000.07.27"]
[SourceQuality "1"]

1. e4 c5 2. Nf3 Nc6 3. d4 cxd4 4. Nxd4 Qc7 5. Nb5 Qb8 6. Bd3 (6. g3 Nf6 (6...
a6 7. N5c3 e6 8. Bg2 Bc5 9. O-O Nf6 10. Bf4 Ne5 11. a4 d6 12. a5 Qc7 13. Nd2
Bd7 14. Nb3 Ba7 15. Qe2 h6 16. Kh1 Rc8 $11 {1/2-1/2 Iordachescu,V-Cosma,I/
Sovata 1999/EXT 2000/[Marin,M] (69)}) 7. Bg2 a6 8. N5a3 b5 9. c4 e6 10. O-O Bc5
11. cxb5 axb5 12. Nc2 Bb7 13. Bf4 d6 14. b4 Nxb4 15. Nxb4 Bxb4 16. Qb3 Bc5 17.
Qxb5+ Nd7 18. Rd1 Ra6 $1 19. Nc3 Rb6 20. Qe2 Bc6 $11 {1/2-1/2 Fernandez Garcia,
J-Miladinovic,I/Dos Hermanas ESP 2000/The Week in Chess 284 (73)}) (6. c4 a6 7.
N5c3 Nf6 8. Bg5 e6 9. Nd2 Be7 10. Rc1 O-O 11. Be2 b6 12. Nf3 h6 13. Bh4 d6 14.
O-O Rd8 15. Qb3 Ra7 16. Rfd1 g5 $1 17. Bg3 Nh5 18. Nd4 Nxd4 19. Rxd4 Nxg3 20.
hxg3 Bd7 $11 {0-1 Borriss,M-Epishin,V/Vienna 1998/EXT 2000 (49)}) 6... g6 (6...
Nf6 7. f4 d6 8. O-O a6 9. N5c3 e6 10. Be3 b5 11. Qf3 Bb7 12. Nd2 Be7 13. Qh3
Nb4 14. Nf3 {White has his N of f3 rather than b3 if comparing to the usual
position, it works clearly in his favor of course since the N is much closer
to both kings} Nxd3 15. cxd3 O-O 16. f5 exf5 (16... Qc8 17. g4 exf5 18. gxf5
Nd7 19. Kh1 b4 20. Ne2 d5 21. Rg1 f6 (21... dxe4 22. Qh6 g6 (22... Bf6 23.
Rxg7+ Bxg7 24. Rg1 $18) 23. fxg6 fxg6 24. Rxg6+ hxg6 25. Qxg6+ Kh8 26. Qh6+ Kg8
27. Rg1+ $18) 22. Rxg7+ $1 Kxg7 23. Rg1+ Kh8 24. Nf4 Rg8 25. Ng6+ {1-0 Volzhin,
A-Oral,T/Varadero CUB 2000/The Week in Chess 288 (25)}) 17. Nd4 g6 18. Nxf5 $1
gxf5 19. Bd4 $1 {[%csl Ra8,Rb7,Rb8,Rg8] Black pieces cannot come to rescue
their king.} Ng4 20. exf5 $6 (20. Rxf5 $142 Ne5 21. Rxe5 Bf6 22. Rd5 Bxd4+ 23.
Rxd4 $18) 20... Ne5 21. f6 Re8 22. Qg3+ Ng6 23. fxe7 Rxe7 24. h4 $16 {[%csl
Gd4,Rg8] 1-0 Tiviakov,S-Yakovich,Y/Saint Vincent ITA 2000/The Week in Chess
276 (31)}) (6... a6 7. N5c3 b5 8. O-O e6 9. Be3 Nf6 10. Nd2 Ne5 (10... Be7 11.
f4 d6 12. a4 b4 13. Ne2 Ng4 14. Bf2 Nxf2 15. Rxf2 O-O {1/2-1/2 Jurkiewicz,
K-Javakhishvili,L/Oropesa del Mar 1999/CBM 72 ext (15)}) 11. h3 Bb7 12. Bf4
Nxd3 13. cxd3 Be7 14. Nb3 O-O 15. Na5 Rc8 16. Rc1 d5 17. e5 Nd7 18. a3 {
1/2-1/2 Rodriguez,A-Magem Badals,J/Cala Galdana 1999/EXT 2000 (18)}) 7. O-O Bg7
8. c4 {After black has commited himself to a kingside fianketto white chooses
to transpose to a Maroci type of position. However, unlike the normal position
black is falling behind here, which allows white to expoit the main weakness
in this setup: the d5 square.} Nf6 9. N1c3 a6 10. Na3 O-O 11. Be3 d6 12. f3 Nd7
13. Be2 {[%csl Yd4]} Nc5 $6 {A bit premature. Later on the N will become an
object for white's Q side pawns} (13... b6 $142 {[%cal Gc8b7]}) 14. Qd2 b6 15.
Rfd1 {For the last 8 moves the players have been placing the pieces of the
best positions according to their understading of the position.} Ra7 ({after} 
15... Bb7 $2 16. Rab1 Nb4 (16... a5 {[%csl Rb5,Rb6]} 17. Nd5 Qd8 18. Nb5 $16)
17. Nd5 Nxd5 18. cxd5 {[%csl Ra8] the 'a8' R would be left out of play.}) 16.
Rab1 $1 {[%cal Gb2b4] White's idea is deeper than just play b4, black will not
let it happen: the idea is to force an exchange on d5 and exploit the
weakenned 'c6' sqaure..} Nb4 (16... a5 17. Nab5 Rd7 18. a3 a4 19. Qc2 Qa8 20.
Bxc5 bxc5 21. Qxa4 $16) (16... Be6 17. b4 Nd7 18. Nd5 Qd8 19. Nc2 {[%cal Ga2a5]
with an unpleasant pressure.}) 17. Nd5 Nxd5 18. cxd5 {[%csl Rc6][%cal Gb2b5]}
b5 {b2-b4-b5 was threatennig} 19. Rbc1 Rc7 20. b3 {[%cal Ga3c2,Yc2b4,Yc2d4]} ({
but not} 20. b4 Na4 {getting some squares.}) 20... Bd7 21. Nc2 Rfc8 (21... Bb2
22. Rb1 Bg7 23. Nd4 Rfc8 24. Rbc1 $14) 22. Nd4 (22. Bd4 Nxe4 $5 23. fxe4 Rxc2
24. Rxc2 Bxd4+ 25. Kh1 Rxc2 26. Qxc2 Qb6 $44) 22... Qb6 $4 {setting a trap but
falling in one himself} (22... a5 $142 23. b4 (23. Qxa5 Bxd4 24. Bxd4 Nxb3 25.
Rxc7 Nxa5 26. Rxd7 Rc2 27. Bxb5 Rxa2 28. Rb1 $13) 23... axb4 24. Qxb4 $14 {
[%csl Rb5]}) 23. b4 $1 Nxe4 24. Nc6 $1 (24. fxe4 $2 Rxc1 25. Rxc1 (25. Nc6
R1xc6 26. Bxb6 Rxb6 27. Rc1 Rbb8 $13) 25... Rxc1+ 26. Qxc1 Bxd4 $19) 24... Nxd2
25. Bxb6 Bxc6 $8 {the only move creating real techniqal difficluties for white.
} (25... Rxc6 26. dxc6 Bxc6 27. Rxd2 Bh6 28. Rdc2 Bxc1 29. Rxc1 $18) 26. Bxc7
Bd4+ 27. Kh1 Bxd5 28. Rxd2 Be3 29. Rdc2 Bxc1 30. Rxc1 Bxa2 (30... Kf8 31. a4
bxa4 (31... Ke8 32. axb5 axb5 33. Bxb5+ $18) 32. Bxa6 Ra8 33. Bc4 Bxc4 34. Rxc4
a3 35. Rc1 a2 36. Ba5 Kg7 37. Ra1 $18) 31. Kg1 Kf8 32. Kf2 Bd5 $2 (32... Ke8
$142 33. Ra1 (33. Ke3 Kd7 34. Ra1 Bc4 35. Bb6 (35. Bxc4 bxc4 36. Bb6 e5 $132))
33... Bc4 34. Bb6 Bxe2 35. Kxe2 Rc2+ 36. Kf1 $14) 33. Ke3 Ke8 34. Kd2 Kd7 35.
Bb6 Bc4 36. Bd1 {Now white is able to keep the pair of bishops and the win is
only a matter of time: first white creates weaknesses in black's camp, and
then enters with pieces.} Rc6 37. Be3 f6 38. Bc2 {[%cal Gh2h5]} e5 39. h4 d5
40. Ba7 Ke6 41. Ra1 Kf7 42. h5 Kg7 43. hxg6 hxg6 44. Bc5 {[%cal Gf3f4,Ga1e1,
Ye5e4,Yd2e3,Ye3d4] Now, by playing f4 white will force black to ad vance his
pawn to a4 and blackade on d4} f5 45. g3 Kf6 46. f4 d4 (46... e4 47. Ke3 $18 {
[%cal Ga1h1,Gh1h7,Gc5d4]}) 47. fxe5+ Kxe5 48. Re1+ Kf6 (48... Kd5 49. Re8 (49.
Bd1 Rxc5 50. Bf3+ Kd6 51. bxc5+ Kxc5 52. Re5+ Kd6 $44) 49... a5 50. Rd8+ Ke6
51. Rxd4 $18) 49. Bxd4+ $18 {the rest is an agony} Kg5 50. Be5 Bd5 51. Bd3 Kg4
52. Ke3 Bf3 53. Kd4 Kh3 54. Bf4 Kg4 55. Re8 {[%cal Ge8h8]} Bd1 56. Be5 Kf3 (
56... g5 57. Rf8 $18) 57. Kd5 Rc1 58. Bf4 {[%cal Ge8e6,Gd5d4]} Bb3+ 59. Kd4 Rd1
60. Kc3 Bc4 61. Bxc4 bxc4 62. Rg8 {[%csl Ra6,Rc4,Rg6]} 1-0

[Event "Olympiad-34"]
[Site "Istanbul"]
[Date "2000.10.29"]
[Round "2.1"]
[White "Shirov, Alexei"]
[Black "Annageldyev, Orazly"]
[Result "1-0"]
[WhiteElo "2746"]
[BlackElo "2491"]
[Annotator "Gershon,A"]
[PlyCount "49"]
[EventDate "2000.10.28"]
[EventType "team-swiss"]
[EventRounds "14"]
[EventCountry "TUR"]
[SourceTitle "EXT 2001"]
[Source "ChessBase"]
[SourceDate "2000.11.22"]
[SourceVersion "1"]
[SourceVersionDate "2000.11.22"]
[SourceQuality "1"]
[WhiteTeam "Spain"]
[BlackTeam "Turkmenistan"]
[WhiteTeamCountry "ESP"]
[BlackTeamCountry "TKM"]

{[%mdl 32768]} 1. e4 c5 2. Nf3 Nc6 3. d4 cxd4 4. Nxd4 e5 5. Nb5 d6 6. N1c3 a6
7. Na3 b5 8. Nd5 Nce7 9. c4 Nxd5 10. exd5 Nf6 $6 {A very rare move, trying to
get some mixture of Benko and KI, in this game, at least, with no success at
all.The usual is 10...bxc4} (10... bxc4 11. Nxc4 Nf6 12. Be3 (12. Bd2 Bd7 13.
Ba5 Qb8 14. Rc1 Be7 15. Be2 O-O 16. O-O Bd8 17. b4 Bf5 18. Bxd8 Rxd8 19. Na5 {
1/2-1/2 Robovic,S-Waitzkin,J/New York 1998/EXT 99 (19)}) 12... Rb8 13. Be2 (13.
a4 Ng4 14. Bd2 Qd7 (14... f5 15. Be2 Qh4 16. g3 Qh3 17. Bf1 Qh5 18. h3 Nf6 19.
Qxh5+ Nxh5 20. a5 Nf6 21. Nb6 Bb7 22. Bc4 Be7 23. O-O Bd8 $15 {1/2-1/2
Smikovski,I-Sveshnikov,E/Samara RUS 2000/The Week in Chess 294 (37)}) 15. Be2
Be7 16. O-O O-O 17. a5 Nf6 18. Nb6 Qf5 19. f4 Bd8 20. fxe5 Bxb6+ 21. axb6 Qxe5
22. Bf4 Qe7 23. Bg5 Rxb6 24. Qd4 Rb8 25. Bxa6 Qe5 26. Qxe5 dxe5 27. Bxf6 gxf6 {
1/2-1/2 Svetushkin,D-Fedorov,A/Istanbul TUR 2000/The Week in Chess 313 (27)}) (
13. Rc1 Bd7 14. a4 Ng4 15. Bd2 Qf6 16. Qe2 Be7 17. h4 h5 18. f3 Nh6 19. Bg5 Qg6
20. Nxe5 dxe5 21. Qxe5 Qd6 22. Qxg7 Rg8 23. Qxh6 Qg3+ 24. Kd1 Bxa4+ $40 {
1/2-1/2 Kotronias,V-Miton,K/Philadelphia USA 2000/The Week in Chess 296 (52)})
13... Be7 14. a4 (14. O-O O-O 15. a4 Qd7 16. Nb6 Qf5 17. Nxc8 Qxc8 18. Rc1 Qf5
19. b3 a5 20. h3 e4 21. Bc4 Nd7 22. Qg4 Qxg4 23. hxg4 Ne5 24. g5 f5 25. gxf6
Bxf6 26. Bb5 $16 {1-0 Bologan,V-Milov,V/New York 1997/CBM 57 ext (35)}) 14...
Qd7 15. O-O Bb7 16. Ba7 Rd8 17. Nb6 Qf5 18. Rc1 e4 19. Rc7 Bxd5 20. Bxa6 $16 {
1-0 Shirov,A-Fedorov,A/Istanbul TUR 2000/The Week in Chess 313 (28)}) 11. cxb5
Be7 12. Bc4 O-O 13. O-O Bg4 (13... axb5 14. Nxb5 $16 {[%cal Gb5c3]}) 14. Qb3
Rb8 15. Be3 {White's play is extremely simple: develop some pieces and promote
the extra pawn} Bd7 16. Rad1 {Shirov waits for black to play Ng4, thus
removing a defense off the B, which will allow white to play Ba7 with comfort.}
(16. b6 $6 Ng4 17. b7 Nxe3 18. fxe3 a5 19. Ba6 $16) (16. Ba7 $6 axb5 17. Nxb5
Rb7) 16... Ng4 (16... axb5 17. Nxb5 (17. Bxb5 $2 Qa5 18. Bd2 Qa7 {and white
pieces get a bit stuck}) 17... Qa5 18. a4 $16) 17. Ba7 axb5 (17... Rb7 18. b6
$18 {[%cal Gc4a6]}) 18. Bxb8 bxc4 19. Qb7 {This would not be possible with
black N on f6} Qc8 20. Qa7 $1 {[%csl Rc4][%cal Ga3c4] the ending is winning as
well, but the text is much faster.} f5 (20... Qxb8 21. Qxd7 {[%csl Re7,Rg4]}
Nf6 22. Qb5 $18 (22. Qxe7 $143 Re8 23. Qxe8+ Nxe8 24. Nxc4 $18)) 21. Nxc4 Rf6 {
Desparation} 22. Nb6 Qe8 23. Qxd7 Qh5 24. h3 Nxf2 25. Kxf2 1-0